Advanced computer sciences and applications (Record no. 9794)

MARC details
000 -LEADER
fixed length control field 00515cam a2200193ua 4500
001 - CONTROL NUMBER
control field 10846
005 - DATE AND TIME OF LATEST TRANSACTION
control field 20260515114652.0
008 - FIXED-LENGTH DATA ELEMENTS--GENERAL INFORMATION
fixed length control field 190409n ii |||gr||||Z||||||eng
020 ## - INTERNATIONAL STANDARD BOOK NUMBER
International Standard Book Number 9789383252084
040 ## - CATALOGING SOURCE
Transcribing agency MAIN
082 ## - DEWEY DECIMAL CLASSIFICATION NUMBER
Classification number 004
100 ## - MAIN ENTRY--PERSONAL NAME
Personal name Manoj Kumar Deka,
Relator term Author.
245 ## - TITLE STATEMENT
Title Advanced computer sciences and applications
Statement of responsibility, etc. Ed by Manoj Kumar Deka
250 ## - EDITION STATEMENT
Edition statement 1st ed.
260 ## - PUBLICATION, DISTRIBUTION, ETC.
Place of publication, distribution, etc. Guwahati:
Name of publisher, distributor, etc. EBH publishers,
Date of publication, distribution, etc. 2014.
300 ## - PHYSICAL DESCRIPTION
Extent 308p.
653 ## - INDEX TERM--UNCONTROLLED
Uncontrolled term Data processing & computer science
942 ## - ADDED ENTRY ELEMENTS (KOHA)
Koha item type Books
Holdings
Withdrawn status Lost status Damaged status Not for loan Home library Current library Shelving location Date acquired Total checkouts Full call number Barcode Date last seen Copy number Price effective from Koha item type
        Naharkatiya College Library Naharkatiya College Library General stacks 09/19/2020   004 | DEK 25092 09/19/2020 1 09/19/2020 Books